[Event "Cattolica"]
[Site "Cattolica"]
[Date "1993.??.??"]
[Round "5"]
[White "Naumkin, Igor"]
[Black "Schlosser, Philipp"]
[Result "1/2-1/2"]
[WhiteElo "2450"]
[BlackElo "2550"]

1.d4 Nf6 2.c4 e6 3.Nf3 Bb4+ 4.Bd2 a5 5.g3 b6 6.Bg2 O-O 7.O-O Ba6 8.Bg5 Bxc4
9.Nfd2 Bd5 10.e4 Bc6 11.e5 h6 12.Bxf6 gxf6 13.Qg4+ Kh7 14.d5 Bxd5 15.Bxd5  1/2-1/2

[Event "Cattolica"]
[Site "Cattolica"]
[Date "1993.??.??"]
[Round "8"]
[White "Shneider, Aleksandr"]
[Black "Komarov, Dimitri"]
[Result "1-0"]
[WhiteElo "2560"]
[BlackElo "2525"]

1.d4 Nf6 2.c4 e6 3.Nf3 Bb4+ 4.Bd2 c5 5.Bxb4 cxb4 6.g3 O-O 7.Bg2 d6 8.O-O Qc7
9.Qd3 b6 10.a3 Na6 11.Qb3 bxa3 12.Qxa3 Bb7 13.Nc3 Rfd8 14.e4 Ne8 15.e5 dxe5
16.Nxe5 Bxg2 17.Kxg2 Qb7+ 18.Kg1 Nb8 19.d5 f6 20.Nd3 Nc7 21.Nf4 e5 22.Nd3 Nd7
23.Ne4 Nf8 24.Nd6 Qb8 25.Nf5 Ng6 26.Nb4 Qc8 27.Qf3 Qd7 28.Nc6 Rf8 29.h4 Kh8
30.Qe4 Rfe8 31.h5 Nf8 32.Rfd1 a5 33.b4 axb4 34.Nxb4 Ra4 35.Rxa4 Qxa4 36.Rb1 Nd7
37.Nc6 Qa2 38.Rf1 Qa3 39.Nxg7 Nc5 40.Qg4 Rg8 41.h6 Na4 42.Qf5 Qd6 43.Ne6 Ne8
44.Ra1 b5 45.cxb5 Qxd5 46.Ne7 Qc4 47.Nxg8 Kxg8 48.Rd1 Qxb5 49.Qg4+ Kf7 50.Nd8+ Kf8
51.Qe6  1-0

[Event "Cherepovets"]
[Site "Cherepovets"]
[Date "1993.??.??"]
[Round "?"]
[White "Tunik, Gennady"]
[Black "Mishuchkov, Nikolai M"]
[Result "1-0"]
[WhiteElo "2465"]
[BlackElo "2380"]

1.d4 Nf6 2.c4 e6 3.Nf3 Bb4+ 4.Bd2 Qe7 5.g3 Nc6 6.Nc3 d5 7.a3 Bxc3 8.Bxc3 Ne4
9.Qb3 Nxc3 10.Qxc3 a5 11.Bg2 O-O 12.O-O Bd7 13.Rfe1 Rfc8 14.e4 dxc4 15.Qxc4 a4
16.Rad1 Na5 17.Qc3 c6 18.h4 Be8 19.e5 c5 20.d5 exd5 21.Rxd5 Bc6 22.Rdd1 Bxf3
23.Bxf3 Nc6 24.Bxc6 Rxc6 25.Rd5 Rd8 26.Red1 Rxd5 27.Rxd5 g6 28.Qa5 c4 29.Qxa4 c3
30.bxc3 Rxc3 31.Qb4 Rc1+ 32.Kg2 Qc7 33.Qd6 Rc6 34.Qxc7 Rxc7 35.Rb5 Kf8 36.a4 Ke7
37.a5 Kd8 38.g4 Re7 39.f4 Kc7 40.Kf3 Kc6 41.Rb6+ Kd5 42.Rd6+ Kc5 43.Ke4 Kb5
44.Rd5+ Kb4 45.f5 gxf5+ 46.gxf5 Kc4 47.f6 Rc7 48.Rd1 Kb5 49.e6 fxe6 50.Ke5 Rc4
51.f7  1-0

[Event "Clichy"]
[Site "Clichy"]
[Date "1993.??.??"]
[Round "1"]
[White "Mohandesi, Shahin"]
[Black "Verat, Laurent"]
[Result "1/2-1/2"]
[WhiteElo "2310"]
[BlackElo "2285"]

1.d4 Nf6 2.Nf3 e6 3.c4 Bb4+ 4.Bd2 c5 5.Bxb4 cxb4 6.Nbd2 O-O 7.e3 b6 8.Be2 Bb7
9.O-O d6 10.Ne1 Nbd7 11.Bf3 Qc7 12.Nd3 a5 13.Qe2 e5 14.Bxb7 Qxb7 15.dxe5 dxe5
16.Rfd1 e4 17.Nf4 a4 18.Nf1 Nc5 19.Ng3 Rad8 20.Nf5 g6 21.Nd4 b3 22.axb3 axb3
23.Ra3 Ra8 24.Nxb3 Rxa3 25.Nxc5 bxc5 26.bxa3 Qb3 27.g4 h6 28.h4 Qxa3 29.g5 hxg5
30.hxg5 Nh7 31.Rd5 Rb8 32.Kg2 Qc1 33.Rd1 Qc3 34.Rd5 Qc1 35.Qf1 Qc2 36.Kg3 Rb1
37.Rd8+ Nf8 38.Qh3 Rg1+ 39.Ng2 Qb2 40.Re8 Qc3 41.Qc8 Kg7 42.Qxc5 Ne6 43.Rxe6 fxe6
44.Qe7+ Kh8 45.Qf8+ Kh7 46.Qh6+ Kg8 47.Qxg6+ Qg7 48.Qxe6+ Kf8 49.Qc8+ Kf7
50.Qf5+ Kg8 51.Qd5+ Kf8 52.Kh3 Rf1 53.Qa8+ Kf7 54.Qd5+ Kf8 55.Qd8+ Kf7 56.Kg3 Rg1
57.Qd5+ Kf8 58.Qf5+ Kg8 59.Qe6+ Kf8 60.Qc8+ Kf7 61.Qf5+ Kg8  1/2-1/2

[Event "Copenhagen op15"]
[Site "Copenhagen"]
[Date "1993.??.??"]
[Round "7"]
[White "Jakobsen, Ole"]
[Black "Nielsen, Peter Heine"]
[Result "1/2-1/2"]
[WhiteElo "2375"]
[BlackElo "2440"]

1.d4 Nf6 2.c4 e6 3.Nf3 Bb4+ 4.Bd2 Bxd2+ 5.Qxd2 d5 6.Nc3 O-O 7.e3 Qe7 8.Rc1 Rd8
9.Qc2 dxc4 10.Bxc4 c5 11.O-O Nc6 12.dxc5 Qxc5 13.Ne4 Qe7 14.Nxf6+ Qxf6 15.Bd3 h6
16.Bh7+ Kf8 17.Be4 Bd7 18.Qb3 Rab8 19.Rfd1 Qe7 20.a3 Be8 21.h3 Rxd1+  1/2-1/2

[Event "Copenhagen op15"]
[Site "Copenhagen"]
[Date "1993.??.??"]
[Round "8"]
[White "Kristensen, Kaare"]
[Black "Rytshagov, Mikhail"]
[Result "0-1"]
[WhiteElo "2295"]
[BlackElo "2435"]

1.d4 Nf6 2.c4 e6 3.Nf3 Bb4+ 4.Bd2 Qe7 5.Bxb4 Qxb4+ 6.Qd2 Qxd2+ 7.Nbxd2 d6
8.g3 b6 9.Bg2 Bb7 10.O-O Nbd7 11.b4 c5 12.a3 Ke7 13.e3 Rhc8 14.Rfc1 Rc7 15.Ne1 Bxg2
16.Kxg2 Rac8 17.dxc5 dxc5 18.Nef3 Rd8 19.Rc2 h6 20.h3 Ne8 21.b5 a6 22.a4 Ra7
23.Rd1 axb5 24.axb5 Nd6 25.e4 f6 26.Re1 Nf7 27.Nf1 Nde5 28.Nxe5 Nxe5 29.f4 Nd3
30.Ree2 Nb4 31.Rcd2 Rd4 32.Rxd4 cxd4 33.Rb2 Nd3 34.Rd2 Ra3 35.e5 fxe5 36.fxe5 Rc3
37.Kf3 Nxe5+ 38.Ke4 Nxc4 39.Rxd4 Nd6+ 40.Kf4 Rc5  0-1

[Event "CUB-ch"]
[Site "?"]
[Date "1993.??.??"]
[Round "2"]
[White "Alvarez, Jose"]
[Black "Aldama, Degurnay"]
[Result "1/2-1/2"]
[WhiteElo "2240"]
[BlackElo "2460"]

1.d4 Nf6 2.c4 e6 3.Nf3 Bb4+ 4.Bd2 Qe7 5.g3 Nc6 6.Bg2 Bxd2+ 7.Nbxd2 d6 8.O-O a5
9.e4 e5 10.d5 Nb8 11.Ne1 O-O 12.b3 Na6 13.a3 c6 14.Nd3 cxd5 15.cxd5 Bd7 16.Re1 b5
17.b4 Rfc8 18.Rc1 Qd8 19.Qb3 Qb6 20.Qb2 axb4 21.axb4 Nc7 22.Rc2 Na6 23.Rec1 Rxc2
24.Rxc2 Ne8 25.Nf1 f5 26.Ne3 g6 27.exf5 gxf5 28.Bh3 Ng7 29.Qb3 Rf8 30.Ne1 Qd4
31.Qa3 Nxb4 32.Rc7 f4 33.Rxd7 fxe3 34.Qxe3 Qxe3 35.fxe3 Nxd5 36.Rxd6 Nxe3
37.Rb6 Ra8 38.Rxb5 Ra1 39.Kf2 Nd1+ 40.Kf3 e4+ 41.Kf4 Nf2 42.Rb8+ Kf7 43.Rb7+ Kf6
44.Rb6+ Ke7 45.Rb7+ Kd6  1/2-1/2

[Event "Cuxhaven op"]
[Site "Cuxhaven"]
[Date "1993.??.??"]
[Round "4"]
[White "Chuchelov, Vladimir"]
[Black "Vasilchenko, Oleg"]
[Result "1-0"]
[WhiteElo "2510"]
[BlackElo "2425"]

1.d4 Nf6 2.Nf3 e6 3.c4 Bb4+ 4.Bd2 Qe7 5.g3 Nc6 6.Nc3 O-O 7.Bg2 Bxc3 8.Bxc3 Ne4
9.Rc1 d6 10.O-O Nxc3 11.Rxc3 e5 12.d5 Nd8 13.c5 dxc5 14.Qc2 b6 15.Re3 f6
16.Nxe5 fxe5 17.d6 cxd6 18.Bxa8 Ne6 19.Bd5 Kh8 20.Bxe6 Bxe6 21.Rd1 Rd8 22.Qe4 Qd7
23.Red3 Qc7 24.f4 c4 25.Re3 exf4 26.gxf4 Bg8 27.Qd4 d5 28.Re5 Rf8 29.Rf1 b5
30.a3 a5 31.Qe3 b4 32.a4 Qd6 33.Qd4 Rf6 34.Rf3 Qd7 35.Rg3 Qf7 36.e3 h6 37.Qc5 Re6
38.Qxd5 c3 39.bxc3 bxc3 40.Qxe6 Qb7 41.Qe7  1-0

[Event "CZE Tschechien-ch"]
[Site "?"]
[Date "1993.??.??"]
[Round "6"]
[White "Jirovsky, Pavel"]
[Black "Pilar, Miloslav"]
[Result "1-0"]
[WhiteElo "2290"]
[BlackElo "2270"]

1.d4 e6 2.Nf3 Nf6 3.c4 Bb4+ 4.Bd2 Qe7 5.g3 O-O 6.Bg2 Bxd2+ 7.Qxd2 d6 8.Nc3 Re8
9.O-O e5 10.e4 Bg4 11.d5 Bxf3 12.Bxf3 a5 13.a3 Nbd7 14.b4 Nb6 15.Be2 h6 16.Qe3 Nbd7
17.Rfc1 Reb8 18.Bf1 Ne8 19.Bh3 b6 20.Kh1 Kh7 21.f4 Nf8 22.Rf1 axb4 23.axb4 exf4
24.gxf4 Qh4 25.Qg3 Qe7 26.Rfe1 Kh8 27.Bf5 Qf6 28.Qe3 Qh4 29.Nb5 Qh5 30.Nd4 Nf6
31.e5 Rxa1 32.Rxa1 Re8 33.Qg3 N6h7 34.Rg1 g6 35.Bg4  1-0

[Event "CZE-ch"]
[Site "?"]
[Date "1993.??.??"]
[Round "6"]
[White "Zvolanek, Libor"]
[Black "Hracek, Zbynek"]
[Result "0-1"]
[WhiteElo "2375"]
[BlackElo "2510"]

1.d4 Nf6 2.c4 e6 3.Nf3 Bb4+ 4.Bd2 Qe7 5.e3 b6 6.Bxb4 Qxb4+ 7.Qd2 Qxd2+ 8.Nbxd2 Bb7
9.Be2 d6 10.O-O Nbd7 11.Rfc1 c5 12.a3 Ke7 13.b4 Rhd8 14.Bd1 Bc6 15.Bc2 Rdc8
16.Rcb1 g6 17.Rb2 Bxf3 18.gxf3 cxd4 19.exd4 Nh5 20.Bd3 Nf4 21.Bf1 a5 22.Raa2 Ra7
23.Nb3 e5 24.Rd2 Ne6 25.c5 dxc5 26.dxc5 a4 27.Nc1 bxc5 28.Rac2 Nd4 29.Rc3 cxb4
30.Rxc8 Nxf3+ 31.Kg2 Nxd2 32.axb4 Nxf1 33.Kxf1 Kd6  0-1

[Event "CZE-ch"]
[Site "?"]
[Date "1993.??.??"]
[Round "6"]
[White "Chytilek, Roman"]
[Black "Hajek, Michal"]
[Result "1-0"]
[WhiteElo "2265"]
[BlackElo "2285"]

1.d4 e6 2.Nf3 Nf6 3.c4 Bb4+ 4.Bd2 a5 5.Nc3 d6 6.Qc2 Qe7 7.a3 Bxc3 8.Bxc3 Nbd7
9.e3 O-O 10.Be2 b6 11.O-O Bb7 12.Nd2 e5 13.d5 a4 14.Rae1 Nc5 15.e4 Bc8 16.Bf3 Bd7
17.g3 g5 18.Bg2 Nh5 19.Qd1 Ng7 20.Qe2 f6 21.f4 Be8 22.f5 Bd7 23.Bf3 Qe8 24.h4 h6
25.Kg2 Kf7 26.Rh1 Rh8 27.Rh2 b5 28.Reh1 g4 29.Bxg4 Ke7 30.Bf3 h5 31.Bb4 Na6
32.Rc1 c5 33.dxc6 Bxc6 34.Rhh1 Nxb4 35.axb4 Qd7 36.Rhd1 Qb7 37.Qe3 Rad8 38.b3 bxc4
39.Nxc4 Qxb4 40.Nb6 Ba8 41.Rc7+ Kf8 42.Nd7+  1-0

[Event "CZE-ch"]
[Site "?"]
[Date "1993.??.??"]
[Round "9"]
[White "Vokac, Marek"]
[Black "Hracek, Zbynek"]
[Result "1/2-1/2"]
[WhiteElo "2465"]
[BlackElo "2510"]

1.d4 Nf6 2.c4 e6 3.Nf3 Bb4+ 4.Bd2 Qe7 5.g3 Nc6 6.Bg2 Bxd2+ 7.Nbxd2 d6 8.O-O O-O
9.e4 e5 10.d5 Nb8 11.Ne1 a5 12.Nb1 Na6 13.Nc3 c6 14.Nd3 Bd7 15.Qd2 cxd5 16.cxd5 b5
17.Rfc1 b4 18.Nd1 Bb5 19.Ne3 Rfc8 20.f3 Bxd3 21.Qxd3 Nc5 22.Qe2 g6 23.Kh1 Rab8
24.Nc4 a4 25.Na5 Rb6 26.Nc6 Qb7 27.Rc4 Kg7 28.Rac1 Re8 29.Qd2 b3 30.a3 Nfd7
31.h4 Nb8 32.Nb4 Qe7 33.Bh3 h6 34.Nd3 Nba6 35.Nf2 h5 36.Nd1 Nc7 37.Nc3 Ra8
38.Qe3 Rbb8 39.Kh2 Nb5 40.Ne2 Nc7 41.Rf1 Rb7 42.Rd1 Nb5 43.Nc3 Nxc3  1/2-1/2

[Event "CZE-chT"]
[Site "?"]
[Date "1993.??.??"]
[Round "?"]
[White "Kupka, Slavoj"]
[Black "Chloupek, Stanislav"]
[Result "1/2-1/2"]
[WhiteElo "2365"]
[BlackElo "2295"]

1.d4 Nf6 2.Nf3 e6 3.c4 Bb4+ 4.Bd2 Bxd2+ 5.Nbxd2 d6 6.g3 Qe7 7.Bg2 e5 8.e4 Bg4
9.d5 a5 10.h3 Bxf3 11.Qxf3 Na6 12.Qc3 Nc5 13.b3 O-O 14.a3 c6 15.O-O cxd5
16.exd5 Ncd7 17.b4 b6 18.Nb3 a4 19.Nd2 Ne8 20.Rae1 Qd8 21.f4 Rc8 22.Qe3 exf4
23.Rxf4 Nef6 24.Ref1 Qc7 25.Kh2 Rce8 26.Qd4 Re2 27.R4f2 Rfe8 28.Rxe2 Rxe2
29.Rf2 Re5 30.Qd3 Rh5 31.Re2 Ne5 32.Qd4 Neg4+ 33.Kg1 Re5 34.Bf3 Rxe2 35.Bxe2 Ne5
36.Kg2 h5 37.Bd1 Qa7 38.Nf3 Nxf3 39.Bxf3 Kf8 40.Kf2 Ke7 41.Qe3+ Kf8 42.Kg2  1/2-1/2

[Event "Dortmund op-A"]
[Site "Dortmund"]
[Date "1993.??.??"]
[Round "2"]
[White "Mainka, Gregor"]
[Black "Kishnev, Sergey"]
[Result "1-0"]
[WhiteElo "2360"]
[BlackElo "2510"]

1.d4 Nf6 2.Nf3 e6 3.c4 Bb4+ 4.Bd2 c5 5.Bxb4 cxb4 6.g3 O-O 7.Bg2 d6 8.O-O Re8
9.Re1 Qc7 10.Nbd2 e5 11.c5 e4 12.cxd6 Qxd6 13.Nc4 Qa6 14.Nfe5 Be6 15.Rc1 b5
16.Nd2 Bd5 17.Rc5 Qxa2 18.Rxb5 Qxb2 19.Ndc4 Bxc4 20.Nxc4 Qc3 21.Nd6 Re6 22.Rc5 Rxd6
23.Rxc3 bxc3 24.Qb3 Nc6 25.e3 a5 26.Qxc3 Nb4 27.Ra1 Nfd5 28.Rxa5 Re8 29.Qb3 Rb6
30.Bxe4  1-0

[Event "Dortmund op-A"]
[Site "Dortmund"]
[Date "1993.??.??"]
[Round "9"]
[White "Razuvaev, Yuri S"]
[Black "Mandl, Robert"]
[Result "1-0"]
[WhiteElo "2525"]
[BlackElo "2390"]

1.d4 Nf6 2.c4 e6 3.Nf3 Bb4+ 4.Bd2 c5 5.Bxb4 cxb4 6.g3 O-O 7.Bg2 d6 8.Nbd2 Re8
9.Nf1 Qa5 10.N3d2 e5 11.Nb3 Qc7 12.Ne3 a5 13.dxe5 dxe5 14.O-O a4 15.Nd2 Nc6
16.Nd5 Qd8 17.Ne4 Nxe4 18.Bxe4 Bg4 19.Re1 Nd4 20.Qd3 f5 21.Bg2 b3 22.h3 Bh5
23.axb3 Nxb3 24.Rad1 e4 25.Qe3 Qa5 26.Qg5 Bg6 27.Ne7+ Kf7 28.Nxg6 hxg6 29.Rd7+ Kf8
30.Red1 Ra6 31.Qh4 Kg8 32.Rxg7+  1-0

[Event "Dresden op"]
[Site "Dresden"]
[Date "1993.??.??"]
[Round "?"]
[White "Mowsziszian, Karen"]
[Black "Baumgartner, Heinz"]
[Result "1-0"]
[WhiteElo "2485"]
[BlackElo "2300"]

1.d4 Nf6 2.c4 e6 3.Nf3 Bb4+ 4.Bd2 c5 5.Bxb4 cxb4 6.g3 O-O 7.Bg2 d6 8.O-O Re8
9.a3 bxa3 10.Rxa3 Nc6 11.Nc3 Bd7 12.Nb5 Qb8 13.c5 d5 14.Nd6 Re7 15.Qd2 a5
16.Qf4 b6 17.Rb3 Nb4 18.Ne5 bxc5 19.dxc5 Ba4 20.Rc3 Bb5 21.g4 Raa7 22.Rh3 Bxe2
23.Re1 Bxg4 24.Nxg4 Nxg4 25.Qxg4 Rac7 26.Qh4 h6 27.Nf5  1-0

[Event "Dublin zt"]
[Site "Dublin"]
[Date "1993.??.??"]
[Round "3"]
[White "Dunn, Andrew"]
[Black "Rossiter, Philip J"]
[Result "0-1"]
[WhiteElo "2245"]
[BlackElo "2270"]

1.c4 e6 2.Nf3 Nf6 3.d4 Bb4+ 4.Bd2 Qe7 5.Nc3 b6 6.g3 Bb7 7.Bg2 O-O 8.O-O Bxc3
9.Bxc3 Ne4 10.Qc2 Nxc3 11.Qxc3 d6 12.e3 Nd7 13.Rad1 Nf6 14.d5 exd5 15.Nh4 Ne4
16.Qc2 dxc4 17.Qxc4 d5 18.Qa4 Rfe8 19.Bxe4 Qxe4 20.Qxe4 Rxe4 21.Rd2 c5 22.Rfd1 Rae8
23.Nf5 R4e6 24.Kf1 h5 25.Nh4 g5 26.Ng2 f6 27.h4 Kg7 28.f4 gxf4 29.gxf4 Kf7
30.Rxd5 Bxd5 31.Rxd5 Rh8 32.Kf2 Ke7 33.f5 Re4 34.Nf4 Rxf4+ 35.exf4 Rd8 36.Rxd8 Kxd8  0-1

[Event "Eger op"]
[Site "Eger"]
[Date "1993.??.??"]
[Round "3"]
[White "Foldi, Istvan"]
[Black "Mochalov, Evgeny V"]
[Result "1-0"]
[WhiteElo "2310"]
[BlackElo "2420"]

1.d4 Nf6 2.Nf3 e6 3.c4 Bb4+ 4.Bd2 a5 5.g3 d5 6.cxd5 exd5 7.Bg2 O-O 8.O-O Re8
9.Bf4 Bd6 10.Bxd6 Qxd6 11.Nc3 c6 12.Qc2 g6 13.Rfe1 Bf5 14.Qd2 Nbd7 15.Ng5 h6
16.e4 dxe4 17.Ngxe4 Bxe4 18.Nxe4 Nxe4 19.Rxe4 Rxe4 20.Bxe4 Qb4 21.Qxb4 axb4
22.Bc2 c5 23.Be4 cxd4 24.Bxb7 Ra7 25.Bd5 Ra5 26.Bc4 Kg7 27.Rd1 Ne5 28.Bb3 g5
29.Kg2 Nc6 30.Rc1 Ne5 31.Rd1 d3 32.f4 gxf4 33.gxf4 Ng6 34.Kg3 Rf5 35.Rxd3 Rxf4
36.Rf3 Rxf3+ 37.Kxf3 f5 38.a3 bxa3 39.bxa3 Kf6 40.a4 Ne5+ 41.Kg3 Nd3 42.a5 Nc5
43.Bc2 Ke5 44.h3 Na6 45.Kh4 Nb4 46.Bb1 f4 47.Kg4 h5+ 48.Kf3 h4 49.Be4 Na6
50.Bb7 Nc5 51.Bc8 Nb3 52.a6 Nd4+ 53.Kf2 Nb5 54.Bd7 Na7 55.Kf3 Kd6 56.Be8 Ke5
57.Ba4 Nc8 58.Bc6 Na7 59.Bb7 Kf5 60.Be4+ Ke5 61.Bb1 Nb5 62.Kg4 Na7 63.Bc2 Nb5
64.Kxh4 Kd4 65.Kg4 Ke3 66.Bd1 Na7 67.h4 Nc6 68.h5 Ne5+ 69.Kf5 Nc6 70.h6 Nd4+
71.Kg4  1-0

[Event "Eger op"]
[Site "Eger"]
[Date "1993.??.??"]
[Round "4"]
[White "Kincs, Imre"]
[Black "Lavrov, Andrey"]
[Result "1/2-1/2"]
[WhiteElo "2215"]
[BlackElo "2385"]

1.d4 Nf6 2.c4 e6 3.Nf3 Bb4+ 4.Bd2 Qe7 5.Nc3 Bxc3 6.Bxc3 Ne4 7.Qc2 Nxc3 8.Qxc3 d6
9.e3 Nd7 10.Be2 O-O 11.O-O e5 12.dxe5 dxe5 13.Rfd1 f6 14.Rac1 c5 15.Nd2 f5
16.Nb1 Nf6 17.Qd3 Be6 18.Qd6 Qxd6 19.Rxd6 Kf7 20.Nc3 Rfd8 21.Rcd1 Rxd6 22.Rxd6 Ke7
23.Rd1 Rd8 24.Rxd8 Kxd8 25.Kf1 Kc7 26.Ke1 a6 27.a3 Ne8 28.b3 Nd6 29.f4 e4
30.Kd2 Kc6 31.Nd1 h6 32.Kc3 g5 33.g3 Ne8 34.Kd2 Nf6 35.Kc3 b5 36.Kd2 bxc4
37.bxc4 Bf7 38.Nf2 Kb6 39.Kc3 Ka5 40.Kb3 Be8 41.Kb2 Kb6 42.Kc3 Kc7 43.Kd2 Kd6
44.Bd1 Bf7 45.Be2 Bh5 46.Bxh5 Nxh5 47.g4 Nf6 48.gxf5 g4 49.Ke2 h5 50.Nd1 Kc6
51.Kf2 h4 52.Kg2 Ne8 53.Nf2 Nf6 54.Nd1 Ne8 55.Nf2 Nf6  1/2-1/2

[Event "Eger op"]
[Site "Eger"]
[Date "1993.??.??"]
[Round "9"]
[White "Lavrov, Andrey"]
[Black "Mochalov, Evgeny V"]
[Result "1/2-1/2"]
[WhiteElo "2385"]
[BlackElo "2420"]

1.d4 Nf6 2.c4 e6 3.Nf3 Bb4+ 4.Bd2 a5 5.g3 d5 6.Bg2 c6 7.Qc2 b6 8.Ne5 O-O
9.O-O Ba6 10.Rd1 Nfd7 11.Nd3 Bxc4 12.Nxb4 axb4 13.Bxb4 c5 14.Ba3 Nc6 15.dxc5 bxc5
16.b3 Ba6 17.Bxc5 Nxc5 18.Qxc5 Bxe2 19.Re1 Qf6 20.Nc3 Nd4 21.Nxe2 Nxe2+ 22.Kf1 Rfc8
23.Qb6 Rc2 24.Qe3 Nd4 25.Bxd5 Nf5 26.Qe5 Nxg3+ 27.Qxg3 exd5 28.a4 h5 29.Rad1 d4
30.Re2 Rc3 31.Qe5 Qf3 32.Qe4 Qh3+ 33.Qg2 Rxb3 34.Qxh3 Rxh3 35.Kg2 Rh4 36.Ra2 Ra5
37.f3 Rf4 38.Kg3 g5 39.Rb1 h4+ 40.Kg2 Rff5 41.Rb4 Rfd5 42.Rd2 d3 43.f4 f6
44.fxg5 fxg5 45.Kf3 Kf7 46.Ke3 Kg6 47.Rxd3 Rxd3+ 48.Kxd3 Kh5 49.Ke2 Ra8 50.h3 Rc8
51.Kf2 Rc2+ 52.Kg1 Ra2 53.Rc4 Ra3 54.Kg2 Kg6 55.Kh2 Kf5 56.Rg4 Ra2+ 57.Kg1  1/2-1/2

[Event "Elenite"]
[Site "Elenite"]
[Date "1993.??.??"]
[Round "11"]
[White "Tukmakov, Vladimir B"]
[Black "Adams, Michael"]
[Result "1/2-1/2"]
[WhiteElo "2600"]
[BlackElo "2630"]

1.d4 Nf6 2.c4 e6 3.Nf3 Bb4+ 4.Bd2 a5 5.g3 d6 6.Bg2 Nbd7 7.O-O e5 8.Nc3 exd4
9.Nxd4 O-O 10.Nd5 Bxd2 11.Qxd2 c6 12.Nxf6+ Nxf6 13.Rfd1 Qe7 14.Rac1  1/2-1/2

[Event "ESP-ch"]
[Site "?"]
[Date "1993.??.??"]
[Round "7"]
[White "San Segundo, Pablo"]
[Black "Pastor Pons, Carlos"]
[Result "1-0"]
[WhiteElo "2440"]
[BlackElo "2305"]

1.d4 Nf6 2.Nf3 e6 3.c4 Bb4+ 4.Bd2 Bxd2+ 5.Nbxd2 d6 6.g3 Qe7 7.Bg2 O-O 8.e4 e5
9.d5 c5 10.O-O Bg4 11.a3 Nbd7 12.b4 Rfc8 13.Qb3 Bxf3 14.Qxf3 Rc7 15.h4 Nb6
16.Rfc1 Qd7 17.Qd3 Rac8 18.Qf1 Qa4 19.Bh3 Nfd7 20.b5 a6 21.Nb1 Rd8 22.Bg4 axb5
23.Nc3 Qa5 24.Nxb5 Nf6 25.Nxc7 Nxg4 26.Qe2 h5 27.Nb5 g6 28.f3 Nh6 29.Ra2 Kg7
30.Qd2 Nxc4 31.Qxa5 Nxa5 32.Rb2 f5 33.Nc7 Rc8 34.Ne6+ Kf6 35.Rb5 Ra8 36.Nxc5 dxc5
37.Rcxc5 fxe4 38.fxe4 Nc4 39.Rxc4 Rxa3 40.Rc7 Ra1+ 41.Kg2 Ra2+ 42.Kf1  1-0

[Event "ESP-chT"]
[Site "?"]
[Date "1993.??.??"]
[Round "?"]
[White "Rodriguez Talavera, Juan Carlos"]
[Black "Paramos Dominguez, Roberto"]
[Result "1/2-1/2"]
[WhiteElo "2375"]
[BlackElo "2375"]

1.d4 Nf6 2.Nf3 e6 3.c4 Bb4+ 4.Bd2 a5 5.g3 d5 6.Bg2 b6 7.O-O c6 8.Ne5 Nfd7
9.Nd3 Bd6 10.cxd5 cxd5 11.Bf4 Bxf4 12.Nxf4 O-O 13.Nc3 Ba6 14.Re1 Nf6 15.e4 dxe4
16.Nxe4 Nxe4 17.Bxe4 Ra7 18.d5 exd5 19.Bxd5 Nd7 20.Qf3 Nf6 21.Bc6 Re8 22.Qa3 Rxe1+
23.Rxe1 Qd2 24.Qe7 Qxb2 25.Nd5 Bc4 26.Nxf6+ gxf6  1/2-1/2

[Event "Farum op"]
[Site "Farum"]
[Date "1993.??.??"]
[Round "5"]
[White "Erlandsen, Carsten"]
[Black "Nilsson, Nils Specht"]
[Result "0-1"]
[WhiteElo "2225"]
[BlackElo "2245"]

1.d4 Nf6 2.c4 e6 3.Nf3 Bb4+ 4.Bd2 Qe7 5.Qa4 Nc6 6.a3 Bxd2+ 7.Nbxd2 O-O 8.e4 e5
9.d5 Nd4 10.Bd3 Nxf3+ 11.Nxf3 d6 12.h3 Nh5 13.g3 f5 14.Nd2 Qg5 15.Qc2 Nxg3
16.Rg1 f4 17.Bf1 h5 18.fxg3 fxg3 19.O-O-O Rf2 20.Bg2 h4 21.Qd3 Bd7 22.Rdf1 Rxg2
23.Rxg2 Bxh3 24.Qf3 Bxg2 25.Qxg2 Qg4 26.Qf3 Qxf3 27.Nxf3 Rf8 28.Kd1 Rxf3
29.Rxf3 g2  0-1

[Event "FIN-chT"]
[Site "FIN"]
[Date "1993.??.??"]
[Round "?"]
[White "Henttinen, Markku IO"]
[Black "Kiik, Kalle"]
[Result "1/2-1/2"]
[WhiteElo "2295"]
[BlackElo "2365"]

1.d4 Nf6 2.c4 e6 3.Nf3 Bb4+ 4.Bd2 Qe7 5.g3 Nc6 6.Bg2 Bxd2+ 7.Nbxd2 d6 8.Nf1 d5
9.a3 O-O 10.Ne3 Rd8 11.O-O dxc4 12.Nxc4 e5 13.Ncxe5 Nxd4 14.Nxd4 Qxe5 15.Nc6 Rxd1
16.Nxe5 Rxa1 17.Rxa1 c6 18.Rd1 Be6 19.Rd4 Re8 20.Nd3 Kf8 21.Ra4 Bf5 22.Kf1 Bxd3  1/2-1/2

[Event "FIN-chT"]
[Site "FIN"]
[Date "1993.??.??"]
[Round "?"]
[White "Yrjola, Jouni"]
[Black "Kiik, Kalle"]
[Result "1/2-1/2"]
[WhiteElo "2460"]
[BlackElo "2365"]

1.d4 Nf6 2.c4 e6 3.Nf3 Bb4+ 4.Bd2 Qe7 5.Qc2 d5 6.e3 Bxd2+ 7.Nbxd2 O-O 8.Be2 c5
9.cxd5 cxd4 10.Nxd4 Nxd5 11.O-O Bd7 12.Bf3 Nc6 13.Bxd5 Nxd4 14.exd4 exd5  1/2-1/2

[Event "FIN-chT"]
[Site "FIN"]
[Date "1993.??.??"]
[Round "?"]
[White "Manninen, Marko"]
[Black "Paavilainen, Jorma"]
[Result "1/2-1/2"]
[WhiteElo "2380"]
[BlackElo "2315"]

1.d4 e6 2.c4 Nf6 3.Nf3 Bb4+ 4.Bd2 Qe7 5.g3 O-O 6.Bg2 Nc6 7.O-O Bxd2 8.Qxd2 d6
9.Nc3 e5 10.d5 Nb8 11.e4 Nh5 12.Rae1 g6 13.Qh6 Na6 14.a3 Bd7 15.b4 c5 16.dxc6 bxc6
17.Nd2 Nc7 18.f4 a5 19.f5 axb4 20.axb4 Ra3 21.Rf3 Rfa8 22.Ndb1 Ra1 23.Rd1 Rb8
24.Qd2 Rxb4 25.Bf1 Na6 26.Be2 Nf6 27.Rff1 Nc5 28.g4 Rb3 29.Bf3 Ne8 30.g5 gxf5
31.exf5 Bxf5 32.Bxc6 Bg6 33.Bd5 Nc7 34.Qf2 Qxg5+ 35.Qg3 Qxg3+ 36.hxg3 Nxd5
37.cxd5 Nd3 38.Nd2 Rxd1 39.Nxb3 Rxf1+ 40.Kxf1 Nb4 41.Na5 Bd3+ 42.Kf2 e4 43.Nb7 Bc4
44.Nxe4 Nxd5 45.Nbxd6 Ba2 46.Nf5 f6 47.Ned6 Bb1 48.Ne3 Nb6 49.Nef5 Bxf5 50.Nxf5 Kf7
51.Kf3 Kg6 52.Ne3 Kg5 53.Kg2 Nc8 54.Kf3 Nd6 55.Kg2 h5 56.Kh3 Nf7 57.Kg2 Ne5
58.Kh3 Ng4 59.Nd5 Ne5 60.Ne3 Ng6  1/2-1/2

[Event "Troll Masters"]
[Site "Gausdal"]
[Date "1993.??.??"]
[Round "1"]
[White "Manninen, Marko"]
[Black "Gausel, Einar"]
[Result "0-1"]
[WhiteElo "2380"]
[BlackElo "2485"]

1.d4 Nf6 2.c4 e6 3.Nf3 Bb4+ 4.Bd2 a5 5.g3 d5 6.Bxb4 axb4 7.Nbd2 O-O 8.Bg2 Nc6
9.O-O Qe7 10.Qc2 Rd8 11.Rfd1 h6 12.h3 Ra6 13.e3 Bd7 14.b3 Rda8 15.Ne1 Be8
16.Nd3 Ra5 17.Qb2 R8a7 18.e4 dxe4 19.Nxe4 Nxe4 20.Bxe4 Qf6 21.Nf4 g5 22.Nh5 Qh8
23.Bxc6 Bxc6 24.Qe2 Ra8 25.g4 Kf8 26.Qd2 Ke8 27.d5 exd5 28.Re1+ Kd8 29.Qxb4 dxc4
30.Rad1+ Kc8 31.Nf6 b6 32.Qe7 Kb7 33.bxc4 Rxa2 34.Rb1 R8a6 35.Nd5 Bxd5 36.cxd5 Qd4
37.Qxf7 R6a3 38.Rbd1  0-1

[Event "Gausdal Int"]
[Site "Gausdal"]
[Date "1993.??.??"]
[Round "1"]
[White "Nordahl, Helge"]
[Black "Reeh, Oliver"]
[Result "1-0"]
[WhiteElo "2265"]
[BlackElo "2435"]

1.d4 Nf6 2.c4 e6 3.Nf3 Bb4+ 4.Bd2 Qe7 5.g3 Nc6 6.Bg2 Bxd2+ 7.Nbxd2 d6 8.O-O a5
9.e4 e5 10.d5 Nb8 11.Ne1 O-O 12.Nd3 Na6 13.a3 c6 14.b4 cxd5 15.cxd5 axb4
16.axb4 Bg4 17.f3 Bd7 18.Nc4 Bb5 19.Qb3 Qc7 20.Rfc1 Rfc8 21.Ndb2 Bxc4 22.Nxc4 b5
23.Na5 Qxc1+ 24.Rxc1 Rxc1+ 25.Bf1 Ne8 26.Qb2 Rd1 27.Kf2 Nec7 28.Ke2 Rd4 29.Nc6 Rc4
30.Kf2 Rxc6 31.dxc6 Kf8 32.Qd2 Rd8 33.Bh3 f6 34.f4 Ke7 35.Bf5 Ra8 36.fxe5 fxe5
37.Qg5+ Kf8 38.Bxh7 Ne6 39.Qg4 Nac7 40.Bg6 Nd4 41.Qd7  1-0

[Event "Troll Masters"]
[Site "Gausdal"]
[Date "1993.??.??"]
[Round "2"]
[White "Nordahl, Helge"]
[Black "Pritchett, Craig William"]
[Result "1-0"]
[WhiteElo "2240"]
[BlackElo "2360"]

1.d4 Nf6 2.c4 e6 3.Nf3 Bb4+ 4.Bd2 Qe7 5.g3 Nc6 6.Bg2 Bxd2+ 7.Nbxd2 d6 8.O-O a5
9.e4 e5 10.d5 Nb8 11.Ne1 h5 12.h3 h4 13.g4 Bd7 14.Nd3 Na6 15.b3 Nb4 16.Nb2 O-O
17.a3 Na6 18.Nd3 c5 19.Qc2 Nh7 20.Qc3 Rfe8 21.b4 axb4 22.axb4 cxb4 23.Nxb4 Nc5
24.Nd3 Nxd3 25.Qxd3 Nf8 26.Qb3 Rxa1 27.Rxa1 Bc8 28.Qb5 Nd7 29.Nb3 g6 30.Rc1 Rd8
31.c5 dxc5 32.Nxc5 Nf6 33.Nd3 Qd6 34.Nc5 Qe7 35.Qb6 Ne8 36.Nd3 Rd6 37.Qb2 Qd8
38.Nxe5 Bd7 39.Qxb7 Qg5 40.Qb2 Nf6 41.Nxd7 Nxd7 42.Rc8+ Nf8 43.Qb8 Qe7 44.Re8 Rb6
45.Rxf8+ Qxf8 46.Qxb6  1-0

[Event "Gausdal Int"]
[Site "Gausdal"]
[Date "1993.??.??"]
[Round "5"]
[White "Gausel, Einar"]
[Black "Eriksson, Anders"]
[Result "1-0"]
[WhiteElo "2500"]
[BlackElo "2355"]

1.d4 Nf6 2.Nf3 e6 3.c4 Bb4+ 4.Bd2 Qe7 5.g3 O-O 6.Bg2 Bxd2+ 7.Qxd2 d6 8.Nc3 e5
9.O-O Re8 10.e4 a5 11.d5 Na6 12.Ne1 c6 13.Nc2 cxd5 14.cxd5 Bd7 15.Na3 Rec8
16.Rfc1 Rc5 17.Bf1 Qd8 18.f3 Qb6 19.Qf2 g6 20.Ncb5 Ne8 21.Rxc5 Nxc5 22.Rc1 Na4
23.b3 Qxf2+ 24.Kxf2 Nb6 25.Rc2 Kf8 26.Ke3 Ke7 27.Nc3 Nc7 28.h4 f6 29.h5 g5
30.g4 Rc8 31.Kd2 Nca8 32.Bb5 Rc5 33.Bxd7 Kxd7 34.Rb2 Rc7 35.Nc2 Rc8 36.Ne3 Nc7
37.b4 a4 38.b5 Ra8 39.Rb4 Ra5 40.Kc2 Kd8 41.Kb2 Kd7 42.Nf5 Nca8 43.Ka3 Nc7
44.Rb1 Ra7 45.Kb4 Ra8 46.Ne3 Ra7 47.Ned1 Nca8 48.a3 Kd8 49.Nb2 Nd7 50.Ncxa4 b6
51.Nc4 Kc7 52.Nab2 Nc5 53.a4 Kd7 54.Ra1 Rb7 55.Ra3 Nc7 56.Nd1 Rb8 57.Nde3 Rb7
58.Nf5 Ne8 59.a5 bxa5+ 60.Rxa5 Nd3+ 61.Kc3 Ne1 62.b6 Nxf3 63.Ra7 Rxa7 64.bxa7 Nc7
65.Nb6+ Kd8 66.Nxd6 Ke7 67.Nf5+ Kd8 68.Kd3  1-0